Hayal Geçidi 2-Ejderha Dövmeli Adam (Kayıt no. 985025)

MARC ayrıntıları
000 -LEADER
sabit uzunluktaki kontrol alanı 00263nam a2200097Ia 4500
001 - KONTROL NUMARASI
kontrol alanı 985025
005 - EN SON İŞLEMİN TARİH VE ZAMANI
kontrol alanı 20250826221035.0
008 - SABİT-UZUNLUKTA VERİ ÖĞELERİ--GENEL BİLGİ
sabit uzunluktaki kontrol alanı 250824s9999 xx 000 0 und d
245 #0 - ESER / YAZAR
ESER ADI Hayal Geçidi 2-Ejderha Dövmeli Adam
Yazar Adı Hasan Bayraktar
260 ## - YAYIN, DAĞITIM, VB.
YAYIN EVİ Kayalıpark Genç

Kullanılabilir materyal yok.

Gemini Bilgi Teknolojileri A.Ş. tarafından düzenlenmiştir.